000 00570nam a22001937a 4500
005 20251108165526.0
008 250721s1989 xx 000 0 ara d
082 1 4 _aم/016.96206/ماه
100 1 _aالكيالي، ماهر
_eمعد
245 1 0 _a100 كتاب عن حرب أكتوبر /
250 _aط2
264 1 _aبيروت :
_bالمؤسسة العربية للدراسات و النشر،
_c1989.
300 _a303ص
650 1 7 _aتاريخ مصر
650 1 7 _aالفهارس
700 1 _aنعمة، ماجد
942 _2ddc
_cREF
999 _c29956
_d29956